<?xml version="1.0" encoding="UTF-8"?>
<collection xmlns:xsi="http://www.w3.org/2001/XMLSchema-instance" xsi:schemaLocation="http://www.loc.gov/MARC21/slim http://www.loc.gov/standards/marcxml/schema/MARC21slim.xsd" xmlns="http://www.loc.gov/MARC21/slim">
 <record>
  <leader>00000nam a22000008i 4500</leader>
  <controlfield tag="001">UP-99946688289972174</controlfield>
  <controlfield tag="003">Buklod</controlfield>
  <controlfield tag="005">20240807152133.0</controlfield>
  <controlfield tag="006">m     o  u        </controlfield>
  <controlfield tag="007">ta</controlfield>
  <controlfield tag="008">240807s2021    gw         u        eng  </controlfield>
  <datafield tag="020" ind1=" " ind2=" ">
   <subfield code="z">9783662608418 (ebook)</subfield>
  </datafield>
  <datafield tag="035" ind1=" " ind2=" ">
   <subfield code="a">20697083</subfield>
  </datafield>
  <datafield tag="040" ind1=" " ind2=" ">
   <subfield code="a">DLC</subfield>
   <subfield code="d">DENGII</subfield>
   <subfield code="e">rda</subfield>
  </datafield>
  <datafield tag="041" ind1="0" ind2=" ">
   <subfield code="a">eng</subfield>
  </datafield>
  <datafield tag="084" ind1=" " ind2=" ">
   <subfield code="a">TL 151.6</subfield>
   <subfield code="b">H55 2021eb</subfield>
  </datafield>
  <datafield tag="100" ind1="1" ind2=" ">
   <subfield code="a">Hilgers, Michael</subfield>
   <subfield code="e">author.</subfield>
  </datafield>
  <datafield tag="245" ind1="1" ind2="0">
   <subfield code="a">Fuel consumption and consumption optimization</subfield>
   <subfield code="c">Michael Hilgers, Wilfried Achenbach.</subfield>
  </datafield>
  <datafield tag="264" ind1=" " ind2="1">
   <subfield code="a">Berlin, Germany</subfield>
   <subfield code="b">Springer Vieweg</subfield>
   <subfield code="c">[2021]</subfield>
  </datafield>
  <datafield tag="300" ind1=" " ind2=" ">
   <subfield code="a">1 online resource.</subfield>
  </datafield>
  <datafield tag="336" ind1=" " ind2=" ">
   <subfield code="a">text</subfield>
   <subfield code="b">txt</subfield>
   <subfield code="2">rdacontent</subfield>
  </datafield>
  <datafield tag="337" ind1=" " ind2=" ">
   <subfield code="a">computer</subfield>
   <subfield code="2">rdamedia</subfield>
  </datafield>
  <datafield tag="338" ind1=" " ind2=" ">
   <subfield code="a">online resource</subfield>
   <subfield code="b">nc</subfield>
   <subfield code="2">rdacarrier</subfield>
  </datafield>
  <datafield tag="506" ind1="0" ind2=" ">
   <subfield code="a">IP based subscription, on campus and remote access</subfield>
   <subfield code="c">Access via Electronic Resources of the UPD Engineering Library and University Library websites. </subfield>
  </datafield>
  <datafield tag="520" ind1="0" ind2=" ">
   <subfield code="a">The aim of this work, consisting of 9 individual, self-contained booklets, is to describe commercial vehicle technology in a way that is clear, concise and illustrative. Compact and easy to understand, it provides an overview of the technology that goes into modern commercial vehicles. Starting from the customer's fundamental requirements, the characteristics and systems that define the design of the vehicles are presented knowledgeably in a series of articles, each of which can be read and studied on their own. In this volume, Fuel Consumption and Consumption Optimization, the main focus is placed on the factors for optimizing consumption in the conventional vehicle. Fuel consumption can be optimized by four different factors: the technology of the vehicle, the conditions of its operation, the behavior of the driver and the maintenance and upkeep of the vehicle. These aspects are described in a way that is easily understood for training and practical application. Content Fuel consumption and consumption optimization on conventional trucks.- Motion resistance and energy loss.- Vehicle technology.- Operating conditions of the vehicle.- The influence of the driver on fuel consumtion.- Maintenance of the vehicle and service fluids.- Concluding remarks on the topic of consumption.- Comprehension questions.- Abbreviations and symbols. The target groups Participants in master classes and those studying individual aspects of commercial vehicle technology Professors and lecturers instructing in the field of commercial vehicle technology Consultants and experts who need background knowledge and technical expertise regarding commercial vehicle technology Personnel working in the commercial vehicle technology or supply industry who are assigned to a new work area Cost planners and logistics companies The Authors Dr. Michael Hilgers is currently director of the testing center at BFDA, a Foton Daimler truck joint venture in China. Before that he was head of different development departments in Commercial Vehicle Development at Mercedes-Benz Trucks. Dr. Wilfried Achenbach has worked in the automotive industry for over 30 years. Recently he retired as Head of Development at Daimler Trucks North America.</subfield>
  </datafield>
  <datafield tag="533" ind1=" " ind2=" ">
   <subfield code="a">Electronic reproduction</subfield>
   <subfield code="b">Berlin, Germany</subfield>
   <subfield code="c">Springer Vieweg</subfield>
   <subfield code="d">2021</subfield>
   <subfield code="n">Available via World Wide Web through SpringerLink.</subfield>
  </datafield>
  <datafield tag="650" ind1=" " ind2="0">
   <subfield code="a">Trucks </subfield>
   <subfield code="x">Fuel consumption.</subfield>
  </datafield>
  <datafield tag="650" ind1="0" ind2="0">
   <subfield code="a">Electronic books.</subfield>
  </datafield>
  <datafield tag="700" ind1="0" ind2=" ">
   <subfield code="a">Achenbach, Wilfried</subfield>
   <subfield code="d">1955-</subfield>
   <subfield code="e">author.</subfield>
  </datafield>
  <datafield tag="856" ind1="0" ind2="0">
   <subfield code="z">Available for University of the Philippines System via SpringerLink.  Click here to access</subfield>
   <subfield code="u">https://doi.org/10.1007/978-3-662-60841-8</subfield>
  </datafield>
  <datafield tag="856" ind1="0" ind2="0">
   <subfield code="z">Also available remotely for the University of the Philippines System via SpringerLink. Click here to access thru EZproxy</subfield>
   <subfield code="u">https://link-springer-com.ezproxy.engglib.upd.edu.ph/book/10.1007/978-3-662-60841-8</subfield>
  </datafield>
  <datafield tag="905" ind1=" " ind2=" ">
   <subfield code="a">FO</subfield>
  </datafield>
  <datafield tag="852" ind1="0" ind2=" ">
   <subfield code="a">UPD</subfield>
   <subfield code="b">DENG-II</subfield>
   <subfield code="h">TL 151.6</subfield>
   <subfield code="i">H55 2021eb</subfield>
  </datafield>
  <datafield tag="942" ind1=" " ind2=" ">
   <subfield code="a">Electronic Resource</subfield>
  </datafield>
 </record>
</collection>
